Kreispackungen und triangulierungen (Record no. 71087)

MARC details
000 -CABECERA
campo de control de longitud fija 00511nam a2200193 a 4500
005 - FECHA Y HORA DE LA ÚLTIMA TRANSACCIÓN
campo de control 20210219153215.0
008 - ELEMENTOS DE LONGITUD FIJA--INFORMACIÓN GENERAL
campo de control de longitud fija 991125n 000 0 u
035 ## - NÚMERO DE CONTROL DEL SISTEMA
Número de control de sistema UPN01000084213
100 1# - ASIENTO PRINCIPAL--NOMBRE PERSONAL
Nombre de persona Bragger, Walter
222 ## - TÍTULO CLAVE
Título clave ENSEIGNEMENT MATHEMATIQUE
245 ## - MENCIÓN DE TÍTULO
Título Kreispackungen und triangulierungen
300 ## - DESCRIPCIÓN FÍSICA
Extensión 201-217
362 0# - FECHAS DE PUBLICACIÓN Y/O DESIGNACIÓN SECUENCIAL
Fecha de publicación y/o designación secuencial 1992 Vol. 38, nos. 3-4
653 0# - TERMINO DE INDIZACION - NO CONTROLADO
Término no controlado GEOMETRIA HIPERBOLICA
653 0# - TERMINO DE INDIZACION - NO CONTROLADO
Término no controlado PROBLEMAS MATEMATICOS
653 0# - TERMINO DE INDIZACION - NO CONTROLADO
Término no controlado TOPOLOGIA
904 ## - ELEMENTOS DE DATOS D LOCAL, LDD (RLIN)
a AC
b 022024
905 ## - TIPO DE MATERIAL
Tipo de material Articulo

No items available.